| 000 | 00452nam a2200157Ia 4500 | ||
|---|---|---|---|
| 008 | 210210b2001 xxu||||| |||| 00| 0 eng d | ||
| 020 | _a81 7648 272 4 | ||
| 082 | _a327.5405491 CHII | ||
| 100 | _aCHITKARA (M G). | ||
| 245 | _aIndo-Pak relations challenges before new millennium. | ||
| 260 |
_aNew Delhi. _bNot Mentioned _c2001 |
||
| 300 | _axxiv,248 | ||
| 650 | _aIndia Pakistan relations | ||
| 690 | _aInternational Relations | ||
| 906 | _a057882 | ||
| 999 |
_c105329 _d105329 |
||